00741nam a2200217Ia 450000500170000000800410001702000150005810000370007324500450011025000180015530000250017360000620019865000370026065000390029726400530033633600270038933700330041633800280044904000350047708400110051220220317000505.0160601s9999 xx 000 0 und d a848533468X1 aGuillén, Nicolás,d1902-198910aIsla de rojo coral cNicolás Guillén a2a edición  a136 páginasc21 cm aGuillen, Nicolasd1902-1989 xCritica e interpretación 14aPoesía cubana2LEMB ySiglo XX14aLiteratura cubana2LEMB ySiglo XX aMadrid cSalamanca bLóguez Lector Jovenc2001 atextobtxt2rdacontent asin mediaciónbn2rdamedia avolumenbnc2rdacarrier aCO-BoRNBPbspaerdacCO-BoRNBP aP GUI2